[Event "Montreal Pere Noel"]
[Site "Montreal"]
[Date "1991.12.27"]
[Round "2"]
[White "Deslongchamps, Denis"]
[Black "Charest, Johanne"]
[Result "1-0"]
[WhiteElo "2004"]
[BlackElo "1808"]
[PlyCount "84"]
[EventDate "1991.12.26"]
[EventType "swiss"]
[EventRounds "5"]
[EventCountry "CAN"]
[SourceTitle "EXT 2022"]
[Source "ChessBase"]
[SourceDate "2021.10.06"]
[SourceVersion "1"]
[SourceVersionDate "2021.10.06"]
[SourceQuality "1"]

1. e4 e5 2. Nf3 Nc6 3. Bb5 a6 4. Ba4 Nf6 5. d3 d6 6. c3 b5 7. Bc2 Be7 8. Nbd2 0-0 9. Nf1 Re8 10. Ng3 Bf8 11. 0-0 Ne7 12. h3 Ng6 13. a4 Bb7 14. Bg5 h6 15. Bd2 Qd7 16. Nh2 d5 17. Ng4 Nxg4 18. Qxg4 Qxg4 19. hxg4 Bc5 20. Rfe1 Red8 21. Rad1 Rd7 22. g5 hxg5 23. Bxg5 f6 24. Bc1 Ne7 25. b4 Ba7 26. Bb2 Rad8 27. d4 exd4 28. cxd4 dxe4 29. Nxe4 Nc6 30. axb5 axb5 31. Bb3+ Kh8 32. Be6 Re7 33. d5 Ne5 34. Bxe5 fxe5 35. Ng5 Bd4 36. Nf7+ Rxf7 37. Bxf7 Bxd5 38. Bxd5 Rxd5 39. Kf1 Rd7 40. Re2 Kg8 41. Rc2 Kf7 42. Rdc1 Bb6 1-0

[Event "Quebec op"]
[Site "Montreal"]
[Date "1988.07.22"]
[Round "2"]
[White "Bolduc, Steve"]
[Black "Deslongchamps, Denis"]
[Result "1-0"]
[WhiteElo "2076"]
[BlackElo "1916"]
[PlyCount "65"]
[EventDate "1988.07.24"]
[EventType "swiss"]
[EventRounds "8"]
[EventCountry "CAN"]
[SourceTitle "EXT 2022"]
[Source "ChessBase"]
[SourceDate "2021.10.06"]
[SourceVersion "1"]
[SourceVersionDate "2021.10.06"]
[SourceQuality "1"]

1. e4 c5 2. Nf3 d6 3. d4 cxd4 4. Nxd4 Nf6 5. Nc3 e6 6. g3 Be7 7. Bg2 0-0 8. 0-0 a6 9. Re1 Qc7 10. g4 Nc6 11. g5 Nxd4 12. Qxd4 Nd7 13. Be3 b5 14. Rad1 b4 15. Qxb4 Rb8 16. Qd4 Ne5 17. Bc1 Bd7 18. b3 Rfc8 19. Bb2 Bxg5 20. Qxd6 Qxd6 21. Rxd6 Be7 22. Rxa6 Bb4 23. Re3 Nc6 24. Na4 Bd2 25. Rd3 Nb4 26. Rxd7 Nxa6 27. Rxd2 Nb4 28. Be5 Rb5 29. Bd6 Nxc2 30. e5 g6 31. Bf1 Rd5 32. Rxd5 exd5 33. Nb6 1-0

[Event "Quebec op"]
[Site "Montreal"]
[Date "1987.07.29"]
[Round "4"]
[White "Deslongchamps, Denis"]
[Black "Bolduc, Steve"]
[Result "0-1"]
[WhiteElo "1916"]
[BlackElo "2190"]
[PlyCount "38"]
[EventDate "1987.07.26"]
[EventType "swiss"]
[EventRounds "8"]
[EventCountry "CAN"]
[SourceTitle "EXT 2022"]
[Source "ChessBase"]
[SourceDate "2021.10.06"]
[SourceVersion "1"]
[SourceVersionDate "2021.10.06"]
[SourceQuality "1"]

1. e4 c6 2. d4 d5 3. exd5 cxd5 4. Bd3 Nc6 5. c3 g6 6. Bf4 Bg7 7. Nf3 h5 8. 0-0 Nh6 9. Qc2 Bf5 10. Nbd2 0-0 11. Bxh6 Bxd3 12. Qxd3 Bxh6 13. Rfe1 Rb8 14. Ne5 Nxe5 15. Rxe5 e6 16. Nf3 b5 17. Rxe6 fxe6 18. Qxg6+ Bg7 19. Ng5 Rf6 0-1

[Event "Quebec op"]
[Site "Montreal"]
[Date "1986.08.06"]
[Round "4"]
[White "Deslongchamps, Denis"]
[Black "Gagnon, Michel"]
[Result "0-1"]
[WhiteElo "1885"]
[BlackElo "2057"]
[PlyCount "36"]
[EventDate "1986.08.03"]
[EventType "swiss"]
[EventRounds "8"]
[EventCountry "CAN"]
[SourceTitle "EXT 2022"]
[Source "ChessBase"]
[SourceDate "2021.10.06"]
[SourceVersion "1"]
[SourceVersionDate "2021.10.06"]
[SourceQuality "1"]

1. d4 Nf6 2. c4 e5 3. dxe5 Ng4 4. Nf3 Nc6 5. Nc3 Bc5 6. e3 Ngxe5 7. Be2 0-0 8. 0-0 d6 9. Ne4 Nxf3+ 10. Bxf3 Bb6 11. Bd2 Ne5 12. Be2 Qh4 13. Ng3 Be6 14. b3 f5 15. Qc2 Rf6 16. h3 Ng4 17. Qd3 Nxf2 18. Rxf2 Qxg3 0-1

[Event "Quebec op"]
[Site "Montreal"]
[Date "1986.08.05"]
[Round "3"]
[White "Berube, Richard"]
[Black "Deslongchamps, Denis"]
[Result "1/2-1/2"]
[WhiteElo "2133"]
[BlackElo "1885"]
[PlyCount "104"]
[EventDate "1986.08.03"]
[EventType "swiss"]
[EventRounds "8"]
[EventCountry "CAN"]
[SourceTitle "EXT 2022"]
[Source "ChessBase"]
[SourceDate "2021.10.06"]
[SourceVersion "1"]
[SourceVersionDate "2021.10.06"]
[SourceQuality "1"]

1. d4 Nf6 2. Nf3 g6 3. c4 Bg7 4. Nc3 d6 5. e4 0-0 6. Be2 a6 7. 0-0 c6 8. Qc2 Qc7 9. h3 e5 10. dxe5 dxe5 11. Be3 Nbd7 12. Nd2 Re8 13. b4 b6 14. Nb3 Nf8 15. Na4 N6d7 16. c5 b5 17. Nb6 Rb8 18. a4 Ne6 19. axb5 axb5 20. Rfd1 Bf6 21. Bg4 Ndf8 22. Ra3 h5 23. Be2 Bg5 24. Bxg5 Nxg5 25. Rda1 Nge6 26. Ra7 Rb7 27. Ra8 Nd7 28. Nxd7 Bxd7 29. Rxe8+ Bxe8 30. Ra8 Rb8 31. Qa2 Rxa8 32. Qxa8 Qd8 33. Qxd8 Nxd8 34. Bd3 Kf8 35. Kf1 Ke7 36. Ke2 Ne6 37. g3 Bd7 38. Ke3 Nc7 39. Na5 Na6 40. f4 exf4+ 41. gxf4 Nxb4 42. Bf1 Na6 43. Kd4 Nc7 44. Nb3 Be6 45. Na5 Kd7 46. h4 f5 47. Bg2 fxe4 48. Bxe4 Bd5 49. Bxg6 Ne6+ 50. Ke5 Nxc5 51. f5 Ke7 52. f6+ Kf8 1/2-1/2

[Event "Quebec op"]
[Site "Montreal"]
[Date "1977.07.17"]
[Round "8"]
[White "Deslongchamps, Denis"]
[Black "Brodie, Hugh"]
[Result "1-0"]
[WhiteElo "1900"]
[BlackElo "1856"]
[PlyCount "68"]
[EventDate "1977.07.10"]
[EventType "swiss"]
[EventRounds "8"]
[EventCountry "CAN"]
[SourceTitle "EXT 2022"]
[Source "ChessBase"]
[SourceDate "2021.10.06"]
[SourceVersion "1"]
[SourceVersionDate "2021.10.06"]
[SourceQuality "1"]

1. e4 c5 2. Nf3 Nc6 3. d4 cxd4 4. Nxd4 Nf6 5. Nc3 g6 6. Bc4 Bg7 7. Be3 Qa5 8. f3 Qb4 9. Bb3 Nxe4 10. Nxc6 Bxc3+ 11. bxc3 Qxc3+ 12. Ke2 Qxc6 13. fxe4 Qxe4 14. Bd5 Qg4+ 15. Bf3 Qc4+ 16. Qd3 Qxd3+ 17. cxd3 e6 18. Bd4 0-0 19. Bf6 d5 20. Rac1 Bd7 21. Rc7 Bc6 22. g4 Rac8 23. Rxc8 Rxc8 24. g5 Ba4 25. Rb1 b6 26. Rb2 Kf8 27. Kd2 Ke8 28. d4 Kd7 29. Be2 Rc7 30. Bd3 Kc8 31. Be5 Rd7 32. Ba6+ Kd8 33. Rb4 Bc6 34. Rb3 Ba4 1-0